Scientific criminal investigation /

Saved in:
Bibliographic Details
Main Author: Sharma, B. R.
Format: Book
Published: India: LexisNexis, c2017.
Edition:2nd ed.
Subjects:
Tags: Add Tag
No Tags, Be the first to tag this record!

MARC

LEADER 00000cam a2200000 i 4500
005 20260416115734.0
020 |a 9789350358948  |c TZS 51,000/= 
040 |a MCCL  |b eng.  |e AACR 2nd rev. ed. 
082 |a 363.259 SHA 
100 1 |a Sharma, B. R. 
245 1 0 |a Scientific criminal investigation /  |c BR Sharma. 
250 |a 2nd ed. 
260 |a India:  |b LexisNexis,  |c c2017. 
300 |a l, 754p. :  |b ill. ;  |c 25 cm 
500 |a Includes index. 
500 |a Reprint of: Second edition, 2017. 
650 0 |a Criminal investigation. 
650 0 |a Forensic sciences. 
942 |c BK 
999 |c 12667  |d 12667